La peste bruna : diari 1931-1935 /

Uloženo v:
Podrobná bibliografie
Hlavní autor: Mann, Klaus (Autor)
Další autoři: Freschi, Marino
Médium: Kniha
Jazyk:italština
Vydáno: Roma : Editori Riuniti, 1998
Edice:Biblioteca di storia
Témata:
Tagy: Přidat tag
Žádné tagy, Buďte první, kdo vytvoří štítek k tomuto záznamu!

MARC

LEADER 00000nam a22000007i 4500
001 IT\ICCU\LO1\0477780
003 ItRI
005 20241222152854.0
008 981216s1998 it |||||| ||||| |||||c
020 |a 8835945658 
040 |b ita  |c CT 
041 7 |a ita  |2 ISO-639-2 
082 |a 838.91203  |2 19 
082 |a 838.91203  |2 20 
100 1 |a Mann, Klaus  |0 IT\ICCU\CFIV\090516  |4 aut 
240 1 0 |a Tagebücher 1931-1935.  |9 Mann, Klaus 
245 1 3 |a La peste bruna :  |b diari 1931-1935 /  |c Klaus Mann ; prefazione di Marino Freschi. 
260 |a Roma :  |b Editori Riuniti,  |c 1998 
300 |a XXIV, 343 p. ;  |c 22 cm. 
650 7 |a Mann, Klaus  |x Diari  |x 1931-1935  |2 scbi 
650 7 |a Germania  |x Storia  |x 1931-1935  |x Diari e memorie  |2 scbi 
700 1 |a Freschi, Marino  |0 IT\ICCU\CFIV\048604 
830 0 |a Biblioteca di storia  |0 IT\ICCU\CFI\0007732 
942 |2 ddc  |c BK 
952 |0 0  |1 0  |2 ddc  |4 0  |6 838_912030000000000_MAN_PES  |7 1  |9 2227  |a GE  |b GE  |d 2024-12-22  |l 0  |o 838.91203 MAN PES  |p 1379  |r 2024-12-22 15:29:26  |w 2024-12-22  |y BK 
981 1 |6 z01  |a i   |b xxxe  
982 1 |6 z01  |a n 
999 |c 1957  |d 1957